Central Library OPAC University of Rajshahi

Compilation of the fundamental rules and supplementary rules made by the Governor-General, including orders, etc., issued by the Central Government, Auditor General, etc. (Record no. 5572)

MARC details
000 -LEADER
fixed length control field 00881nam a2200241 a 4500
001 - CONTROL NUMBER
control field 5572
003 - CONTROL NUMBER IDENTIFIER
rucl marc code BD-RjUL
005 - DATE AND TIME OF LATEST TRANSACTION
control field 20211208234105.0
008 - FIXED-LENGTH DATA ELEMENTS--GENERAL INFORMATION
fixed length control field 181212r19651964pk 000 0 eng
035 ## - SYSTEM CONTROL NUMBER
System control number (BD-RjUL)5610
040 ## - CATALOGING SOURCE
Original cataloging agency DLC
Transcribing agency CarP
Modifying agency DLC
-- BD-RjUL
Language of cataloging eng
041 ## - LANGUAGE CODE
Language code of text/sound track or separate title eng
082 ## - DEWEY DECIMAL CLASSIFICATION NUMBER
Edition number 23
Classification number 336.549
Author mark and year PAC V-1 1965
110 1# - MAIN ENTRY--CORPORATE NAME
Corporate name or jurisdiction name as entry element Pakistan.
Subordinate unit Ministry of Finance.
9 (RLIN) 17467
245 10 - TITLE STATEMENT
Title Compilation of the fundamental rules and supplementary rules made by the Governor-General, including orders, etc., issued by the Central Government, Auditor General, etc.
Statement of responsibility, etc. Pakistan. Ministry of Finance.
250 ## - EDITION STATEMENT
Edition statement 1st ed. (Reprint)
260 ## - PUBLICATION, DISTRIBUTION, ETC. (IMPRINT)
Place of publication, distribution, etc. Karachi :
Name of publisher, distributor, etc. Manager of Publications,
Date of publication, distribution, etc. 1964 [Reprint 1965.]
300 ## - PHYSICAL DESCRIPTION
Pagination v, 400, 2 p. ;
Size 25 cm.
505 ## - FORMATTED CONTENTS NOTE
Formatted contents note Vol. 1 --
650 #0 - SUBJECT ADDED ENTRY--TOPICAL TERM
Topical term or geographic name as entry element Civil service
Geographic subdivision Pakistan.
9 (RLIN) 17468
Topical term or geographic name as entry element Public Finance
Geographic subdivision Pakistan
9 (RLIN) 225905
942 ## - ADDED ENTRY ELEMENTS (KOHA)
Source of classification or shelving scheme Dewey Decimal Classification
Koha item type Rare Books
Holdings
Lost status Source of classification or shelving scheme Damaged status Not for loan Collection code Permanent Location Current Location Shelving location Date acquired Source of acquisition Cost, normal purchase price Total Checkouts Full call number Date last seen Copy number Koha item type
  Dewey Decimal Classification   Not For Loan Rare Books Central Library, University of Rajshahi Central Library, University of Rajshahi Rare Book Section 01/07/1968 Warsi Book co.,Dacca 7.50   RA 336.549 PAC V-1 1965 26/12/2013 C-1 Rare Books